000 00492nam a2200157 4500
001 119616
003 ES-MaACL
005 20230906191344.0
007 t|
008 070214s1965 sp r ||||1| spa d
100 1 _aPérez Modrego, Santiago.
_991029
245 1 0 _aDetención precoz diagnóstico y tratamiento del cáncer /
_cpor Santiago Pérez Modrego.
260 _aMadrid :
_b[s.n.],
_c1965 (
_fGráf. Orbe)
300 _a378 p. :
_bil ;
_c25 cm.
852 _aES-MaACL
_jC-26140
_bR.55198
999 _c119616
_d119616